[Event "XXIII Weekend B"]
[Site "Ceriano Laghetto ITA"]
[Date "2014.03.15"]
[Round "2"]
[White "Rossi, Giampiero"]
[Black "Origgio, Stefano"]
[WhiteElo "1878"]
[BlackElo "1691"]
[Result "0-1"]
[PlyCount "104"]
[EventDate "2014.03.14"]

1. d4 Nf6 2. c4 e6 3. Nc3 Bb4 4. Qc2 O-O 5. a3 Bxc3+ 6. Qxc3 b6 7. f3 d5 8.
cxd5 Nxd5 9. Qd2 Ba6 10. e4 Bxf1 11. Kxf1 Ne7 12. Ne2 Nbc6 13. Qc3 Qd7 14. g3
Rfd8 15. Be3 Rac8 16. Kg2 Ng6 17. Rac1 Nce7 18. Rhd1 Qb5 19. Rd2 f5 20. Qc4
Qxc4 21. Rxc4 h6 22. Rdc2 c6 23. b4 b5 24. Rc5 Nf8 25. R5c3 a6 26. Nf4 Kf7 27.
Nd3 Nd7 28. h3 g5 29. g4 fxe4 30. fxe4 Kg6 31. Nc5 Nxc5 32. Rxc5 Rd6 33. Kf3
Rf8+ 34. Ke2 Rdd8 35. Rxc6 Nxc6 36. Rxc6 Kf7 37. Rxa6 Ra8 38. Rxa8 Rxa8 39. Bc1
Rc8 40. Kd2 Ke7 41. Bb2 Rf8 42. Ke2 Kd6 43. d5 e5 44. Bc1 Rc8 45. Bd2 Rc2 46.
Kd3 Ra2 47. h4 Rxa3+ 48. Ke2 gxh4 49. Bxh6 Rg3 50. Kf2 Rxg4 51. Kf3 Rg6 52.
Bf8+ Kd7 0-1

[Event "XXIII Weekend B"]
[Site "Ceriano Laghetto ITA"]
[Date "2014.03.15"]
[Round "2"]
[White "Tarelli, Daniele"]
[Black "Squillante, Michele"]
[WhiteElo "1947"]
[BlackElo "1709"]
[Result "0-1"]
[PlyCount "160"]
[EventDate "2014.03.14"]

1. d4 Nf6 2. c4 g6 3. Nc3 d5 4. Bg5 Ne4 5. Nxe4 dxe4 6. e3 Bg7 7. Qc2 f5 8. h4
h6 9. Bf4 O-O 10. g4 c6 11. gxf5 Bxf5 12. Bg2 Qa5+ 13. Kf1 e5 14. dxe5 Bxe5 15.
Bxh6 Rd8 16. Rd1 Rxd1+ 17. Qxd1 Na6 18. Qb1 Qb4 19. b3 Nc5 20. Bg5 Qd2 21. Bh3
Rf8 22. Kg2 Nd3 23. Qf1 Bc8 24. Ne2 Bxh3+ 25. Rxh3 Rxf2+ 26. Qxf2 Nxf2 27. Kxf2
Qxa2 28. Bf4 Qb2 29. Rg3 Kf7 30. Bxe5 Qxe5 31. Nf4 Qf6 32. Rxg6 Qxh4+ 33. Ke2
Qh1 34. Kd2 Qf3 35. Rh6 Qf2+ 36. Ne2 Qf5 37. Rd6 Ke7 38. Rd4 Qf3 39. Nc3 Qg2+
40. Ne2 b6 41. Kd1 c5 42. Rd5 Qf1+ 43. Kd2 Qb1 44. Ng3 Qb2+ 45. Ke1 Qxb3 46.
Re5+ Kd7 47. Rxe4 a5 48. Kd2 a4 49. Rh4 a3 50. Ne4 Qb2+ 51. Kd3 a2 52. Rh7+ Ke6
53. Rh6+ Kf7 54. Nd6+ Kf8 55. Rh1 Qb1+ 56. Rxb1 axb1=Q+ 57. Kd2 Qb2+ 58. Kd3
Qe5 59. Nb5 Kg7 60. Nc3 Kg6 61. Ne2 Kf5 62. Nc3 Kg4 63. Na4 Kf3 64. Nxb6 Qxe3+
65. Kc2 Ke2 66. Na4 Qd3+ 67. Kb2 Qxc4 68. Nc3+ Ke1 69. Nb1 Qb4+ 70. Ka2 c4 71.
Na3 Qb3+ 72. Ka1 Qxa3+ 73. Kb1 c3 74. Kc2 Qb2+ 75. Kd3 c2 76. Ke3 c1=Q+ 77. Ke4
Qc5 78. Kf4 Qf6+ 79. Kg3 Qcg5+ 80. Kh2 Qfh6# 0-1

[Event "XXIII Weekend B"]
[Site "Ceriano Laghetto ITA"]
[Date "2014.03.15"]
[Round "2"]
[White "Viale, Fabio"]
[Black "Colombo, Luca"]
[WhiteElo "1834"]
[BlackElo "1826"]
[Result "0-1"]
[PlyCount "120"]
[EventDate "2014.03.14"]

1. d4 Nf6 2. c4 e5 3. dxe5 Ng4 4. Nf3 Bc5 5. e3 Nc6 6. Bd2 Ngxe5 7. Be2 O-O 8.
O-O a5 9. Bc3 Re8 10. Qd5 d6 11. Nxe5 Nxe5 12. Rd1 Qh4 13. g3 Qh6 14. Qe4 Kf8
15. Qf4 Qxf4 16. gxf4 Ng6 17. Nd2 Nxf4 18. Bf3 Ng6 19. Kh1 Ne5 20. Rg1 g6 21.
Be2 Bd7 22. Rg3 Bc6+ 23. Kg1 f5 24. Nb3 Bb6 25. Nd4 Bxd4 26. exd4 Nf7 27. Bf1
b6 28. d5 Bd7 29. Rd1 Re4 30. Bd3 Re7 31. Bf6 Ree8 32. f4 Nh6 33. h3 Kf7 34.
Bg5 Ng8 35. Kf2 Nf6 36. Bxf6 Kxf6 37. h4 Re7 38. Re3 Rxe3 39. Kxe3 Re8+ 40. Kd4
c5+ 41. dxc6 Bxc6 42. a3 a4 43. Bc2 Re7 44. Bd3 Kf7 45. h5 Kf6 46. hxg6 hxg6
47. Rg1 Rh7 48. Kc3 Rh3 49. Rd1 Be4 50. Kd4 Rxd3+ 51. Rxd3 Bxd3 52. Kxd3 g5 53.
Ke3 gxf4+ 54. Kxf4 Ke6 55. Kf3 Ke5 56. Ke3 f4+ 57. Kd3 f3 58. Ke3 f2 59. Kxf2
Kd4 60. Ke2 Kxc4 0-1

[Event "XXIII Weekend B"]
[Site "Ceriano Laghetto ITA"]
[Date "2014.03.15"]
[Round "3"]
[White "Brioschi, Camillo"]
[Black "Kupresakovic, Marko"]
[WhiteElo "1746"]
[BlackElo "1939"]
[Result "1-0"]
[PlyCount "89"]
[EventDate "2014.03.14"]

1. d4 Nf6 2. c4 g6 3. Nc3 c6 4. e4 d6 5. Be2 Bg7 6. f4 d5 7. cxd5 cxd5 8. e5
Ne4 9. Qb3 e6 10. Nf3 O-O 11. O-O a6 12. Be3 Nc6 13. Rfd1 Rb8 14. Nxe4 dxe4 15.
Ng5 b5 16. Nxe4 Bb7 17. Nd6 Ne7 18. Nxb7 Rxb7 19. Bf3 Rd7 20. Be4 Nd5 21. Bxd5
Rxd5 22. Rac1 Qb6 23. Rc5 Rfd8 24. Rdc1 Bf8 25. Rxd5 Rxd5 26. Qc3 b4 27. Qc4 a5
28. b3 h6 29. Qc6 Qd8 30. g3 Kg7 31. Qb7 Rd7 32. Qe4 Rd5 33. Rc4 h5 34. Qc2 Rd7
35. Rc8 Qb6 36. Qd2 Qb7 37. Rc4 Qf3 38. f5 Qb7 39. Bh6+ Kg8 40. Bxf8 Qb8 41.
Bd6 Rxd6 42. exd6 Qxd6 43. f6 Kh7 44. Rc8 e5 45. Rh8+ 1-0

[Event "XXIII Weekend B"]
[Site "Ceriano Laghetto ITA"]
[Date "2014.03.15"]
[Round "3"]
[White "Burani, Eugenio"]
[Black "Origgio, Stefano"]
[WhiteElo "1822"]
[BlackElo "1691"]
[Result "1/2-1/2"]
[PlyCount "111"]
[EventDate "2014.03.14"]

1. e4 e5 2. Nf3 Nc6 3. Bc4 Nf6 4. d3 Be7 5. O-O O-O 6. a4 d6 7. Nbd2 Be6 8. Re1
Qd7 9. c3 Rfe8 10. b4 a6 11. Qb3 Bxc4 12. Qxc4 h6 13. Nf1 Bf8 14. Ne3 Ne7 15.
Nh4 c6 16. Nhf5 Ng6 17. f3 d5 18. Qb3 Rad8 19. Bb2 Qc7 20. b5 Qb6 21. Kh1 Nf4
22. c4 dxe4 23. a5 Qc7 24. b6 Qc8 25. dxe4 g6 26. Nh4 Nd3 27. Re2 Qe6 28. Ba3
Nf4 29. Ree1 Bxa3 30. Qxa3 Rd3 31. Qb2 Red8 32. Qc2 R8d7 33. Qf2 Rd2 34. Qg3
Kh7 35. h3 Nd3 36. Rf1 Nb2 37. Ng4 Nxg4 38. hxg4 Nxc4 39. f4 R7d3 40. Rf3 Rxf3
41. Nxf3 Re2 42. f5 gxf5 43. exf5 Qf6 44. Qh3 e4 45. g5 Qxa1+ 46. Kh2 Qg7 47.
Nd4 Rf2 48. Nxc6 bxc6 49. g6+ fxg6 50. fxg6+ Qxg6 51. b7 Qd6+ 52. Kg1 Rf8 53.
Qc8 Qd8 54. Qxc6 Nxa5 55. Qxe4+ Kg8 56. Qg6+ 1/2-1/2

[Event "XXIII Weekend B"]
[Site "Ceriano Laghetto ITA"]
[Date "2014.03.15"]
[Round "3"]
[White "Casartelli, Fabio"]
[Black "Ronconi, Fausto"]
[WhiteElo "1838"]
[BlackElo "1700"]
[Result "0-1"]
[PlyCount "94"]
[EventDate "2014.03.14"]

1. d4 d5 2. c4 e6 3. Nc3 Nf6 4. a3 Be7 5. Nf3 O-O 6. e3 Nbd7 7. Bd3 dxc4 8.
Bxc4 b6 9. b4 Bb7 10. O-O Ne4 11. Nxe4 Bxe4 12. Bb2 Nf6 13. Ne5 Bd6 14. f3 Bd5
15. Ba6 Nd7 16. e4 Bxe5 17. dxe5 Nb8 18. exd5 Nxa6 19. Qa4 Nb8 20. dxe6 fxe6
21. Rad1 Qe8 22. Qb3 Nc6 23. Qc4 Rf5 24. f4 Ne7 25. Qxe6+ Qf7 26. Qd7 Ng6 27.
e6 Qxd7 28. Rxd7 Nxf4 29. Rxf4 Rxf4 30. e7 Re8 31. Rxc7 Rf7 32. Rxa7 Rfxe7 33.
Rxe7 Rxe7 34. Bd4 b5 35. Kf2 Re4 36. Bc5 Rc4 37. g3 Rc3 38. h4 Rxa3 39. Kg2 h5
40. Kf2 g6 41. Bd6 Kf7 42. Bf4 Rb3 43. Bd2 Ke6 44. Be1 Kf5 45. Kg2 Kg4 46. Kf1
Rb1 47. Kf2 Rxe1 0-1

[Event "XXIII Weekend B"]
[Site "Ceriano Laghetto ITA"]
[Date "2014.03.15"]
[Round "3"]
[White "Colombo, Luca"]
[Black "Podetti, Davide"]
[WhiteElo "1826"]
[BlackElo "1824"]
[Result "1/2-1/2"]
[PlyCount "77"]
[EventDate "2014.03.14"]

1. e4 e5 2. Nf3 Nc6 3. Bb5 a6 4. Bxc6 dxc6 5. d4 exd4 6. Qxd4 Qxd4 7. Nxd4 Bd7
8. Be3 O-O-O 9. Nd2 Ne7 10. O-O-O Ng6 11. N4b3 Ne5 12. f3 h5 13. Nc5 Be7 14.
Nxd7 Rxd7 15. Nb3 Rhd8 16. Rxd7 Rxd7 17. Rd1 Nc4 18. Rxd7 Kxd7 19. Nc5+ Bxc5
20. Bxc5 b6 21. Bf2 Ke6 22. b3 Nd6 23. Kd2 c5 24. c4 Kd7 25. Kd3 f6 26. Ke3 b5
27. cxb5 axb5 28. Kd3 c4+ 29. Kc3 cxb3 30. axb3 Nf7 31. Kd4 Ne5 32. Bg3 Ng6 33.
h4 Kc6 34. f4 Ne7 35. f5 Kb6 36. b4 Kc6 37. Bf2 g6 38. fxg6 Nxg6 39. g3 1/2-1/2

[Event "XXIII Weekend B"]
[Site "Ceriano Laghetto ITA"]
[Date "2014.03.15"]
[Round "3"]
[White "Confalonieri, Luca"]
[Black "Rossi, Giampiero"]
[WhiteElo "1640"]
[BlackElo "1878"]
[Result "1/2-1/2"]
[PlyCount "74"]
[EventDate "2014.03.14"]

1. e4 c5 2. Nf3 e6 3. d4 cxd4 4. Nxd4 a6 5. Nc3 Qc7 6. Be3 Nf6 7. Bd3 Nc6 8.
O-O Ne5 9. f4 Neg4 10. Qe2 Nxe3 11. Qxe3 Bc5 12. Nce2 d6 13. e5 dxe5 14. fxe5
Ng4 15. Qg5 f5 16. Kh1 Qxe5 17. Rf4 Bxd4 18. Nxd4 Qf6 19. Qxf6 Nxf6 20. Re1 Kf7
21. Bc4 Nd5 22. Bxd5 exd5 23. Nxf5 Bxf5 24. Rxf5+ Kg6 25. Rxd5 Rhe8 26. Rd6+
Kf7 27. Rd7+ Kg8 28. Red1 Re2 29. Kg1 Rxc2 30. Rxb7 Re8 31. h3 h6 32. Rdd7 Ree2
33. Rxg7+ Kh8 34. Rh7+ Kg8 35. Rxh6 Rxg2+ 36. Kf1 Rgf2+ 37. Ke1 Rfe2+ 1/2-1/2

[Event "XXIII Weekend B"]
[Site "Ceriano Laghetto ITA"]
[Date "2014.03.15"]
[Round "3"]
[White "Galli, Agostino"]
[Black "Viale, Fabio"]
[WhiteElo "1732"]
[BlackElo "1834"]
[Result "1-0"]
[PlyCount "105"]
[EventDate "2014.03.14"]

1. d4 Nf6 2. Bg5 Ne4 3. Bh4 g5 4. Bg3 Nxg3 5. hxg3 d5 6. e3 Bf5 7. Bd3 Qd7 8.
Nf3 f6 9. c4 Nc6 10. cxd5 Qxd5 11. Nc3 Qd7 12. Bb5 a6 13. Qa4 Rb8 14. Be2 e6
15. a3 Rd8 16. b4 Kf7 17. Rd1 Na7 18. Qb3 Nb5 19. Bxb5 axb5 20. d5 e5 21. d6+
Be6 22. dxc7 Qxc7 23. Qb2 Bc4 24. Nd2 Be7 25. f3 Qb6 26. Nxc4 Rxd1+ 27. Kxd1
bxc4 28. Nd5 Qd6 29. e4 b5 30. Ke2 Qc6 31. Qc3 Qb7 32. Qe3 Kg7 33. f4 Ra8 34.
Qf3 h6 35. Qh5 Rh8 36. f5 Kf8 37. Qg6 Qa7 38. Rxh6 Rxh6 39. Qxh6+ Ke8 40. Qg6+
Kd7 41. Qf7 Kd8 42. Qg8+ Kd7 43. Nxe7 Qxa3 44. Qe6+ Kd8 45. Qd6+ Ke8 46. Nc6
Qa2+ 47. Kf1 Qb1+ 48. Kf2 Qc2+ 49. Kg1 Qb1+ 50. Kh2 Kf7 51. Qe7+ Kg8 52. Qxf6
Qxe4 53. Ne7+ 1-0

[Event "XXIII Weekend B"]
[Site "Ceriano Laghetto ITA"]
[Date "2014.03.15"]
[Round "3"]
[White "Maffeo, Mauro"]
[Black "Cervini, Gian Piero"]
[WhiteElo "1730"]
[BlackElo "1803"]
[Result "1-0"]
[PlyCount "49"]
[EventDate "2014.03.14"]

1. d4 Nf6 2. e3 g6 3. f4 d6 4. Nf3 Bg7 5. Bd3 c5 6. O-O cxd4 7. exd4 O-O 8. c3
Nc6 9. Qe1 Re8 10. Bc4 Qc7 11. Ng5 d5 12. Bd3 h6 13. Nf3 Bf5 14. Bxf5 gxf5 15.
Ne5 Ne4 16. Nd2 Bxe5 17. fxe5 f6 18. Nxe4 fxe4 19. Bxh6 Kh7 20. Qh4 Rh8 21. Rf5
fxe5 22. Rf7+ Kg6 23. Rg7+ Kf5 24. Qg4+ Kf6 25. Rf1# 1-0

[Event "XXIII Weekend B"]
[Site "Ceriano Laghetto ITA"]
[Date "2014.03.15"]
[Round "3"]
[White "Pinna, Ferdinando"]
[Black "Greco, Umberto"]
[WhiteElo "1952"]
[BlackElo "1703"]
[Result "1-0"]
[PlyCount "73"]
[EventDate "2014.03.14"]

1. e4 c5 2. Nf3 Nc6 3. d4 cxd4 4. Nxd4 Nf6 5. Nc3 g6 6. Nxc6 bxc6 7. e5 Nh5 8.
Bc4 e6 9. Ne4 Qa5+ 10. Bd2 Qxe5 11. Bd3 d5 12. O-O Bg7 13. Ng5 Qc7 14. Re1 O-O
15. Nxh7 Kxh7 16. Qxh5+ Kg8 17. Qh4 Bxb2 18. Rab1 Bg7 19. c4 d4 20. f4 Qd8 21.
Qg3 Bf6 22. Qf3 Bd7 23. Be4 Qc7 24. g3 Rab8 25. h4 Rxb1 26. Rxb1 Rb8 27. Rb3 c5
28. h5 gxh5 29. Rxb8+ Qxb8 30. Qxh5 Bg7 31. Bh7+ Kf8 32. Qxc5+ Ke8 33. Bb4 Qd8
34. Qxa7 Bc6 35. Bg8 Bd7 36. Qc5 d3 37. Qd6 1-0

[Event "XXIII Weekend B"]
[Site "Ceriano Laghetto ITA"]
[Date "2014.03.15"]
[Round "3"]
[White "Prevedello, Daniele"]
[Black "Tarelli, Daniele"]
[WhiteElo "1803"]
[BlackElo "1947"]
[Result "0-1"]
[PlyCount "134"]
[EventDate "2014.03.14"]

1. d4 g6 2. c4 Nf6 3. Nc3 d5 4. cxd5 Nxd5 5. e4 Nxc3 6. bxc3 Bg7 7. Bc4 c5 8.
Ne2 Nc6 9. Be3 cxd4 10. cxd4 Qa5+ 11. Bd2 Qa3 12. O-O O-O 13. Rb1 Qd6 14. Be3
Rd8 15. d5 Ne5 16. Qb3 Ng4 17. Bf4 Be5 18. Qg3 Bxf4 19. Qxf4 Ne5 20. Rfc1 Bg4
21. Qe3 Rac8 22. Bb3 Bxe2 23. Qxe2 h5 24. h3 Rc5 25. f4 Nd7 26. e5 Qc7 27. Rd1
Qb6 28. Kh1 Qb5 29. Qxb5 Rxb5 30. d6 e6 31. Rbc1 Nc5 32. Bc4 Ra5 33. Rb1 Ne4
34. Rb2 b6 35. Kg1 Rc5 36. Be2 Nc3 37. Rdd2 Nxe2+ 38. Rxe2 Kf8 39. Kf1 Ke8 40.
Red2 Rc4 41. g3 Kd7 42. Rb3 h4 43. Ra3 a5 44. Kf2 a4 45. Rb2 Kc6 46. Re3 hxg3+
47. Kxg3 b5 48. Kf3 Rh8 49. Kg3 b4 50. Rf3 Kc5 51. Kg4 Rc3 52. Rxc3+ bxc3 53.
Rb7 Kd4 54. Rxf7 c2 55. Rc7 Kd3 56. Kg5 Kd2 57. Kf6 c1=Q 58. Rxc1 Kxc1 59. Kxe6
Kb2 60. a3 Kxa3 61. Kf6 Kb3 62. d7 a3 63. e6 a2 64. e7 a1=Q+ 65. Kf7 Rh7+ 66.
Kxg6 Qg7+ 67. Kf5 Qf7+ 0-1

[Event "XXIII Weekend B"]
[Site "Ceriano Laghetto ITA"]
[Date "2014.03.15"]
[Round "3"]
[White "Regorda, Vittorio"]
[Black "Biava, Pierluigi"]
[WhiteElo "1778"]
[BlackElo "1667"]
[Result "1/2-1/2"]
[PlyCount "144"]
[EventDate "2014.03.14"]

1. d4 Nf6 2. c4 e6 3. Nf3 b6 4. g3 Bb7 5. Bg2 Bb4+ 6. Bd2 Be7 7. Nc3 O-O 8. O-O
c5 9. Bg5 h6 10. Bf4 Re8 11. Nb5 Na6 12. Bd6 Ne4 13. dxc5 bxc5 14. Ne5 Nxd6 15.
Nxd6 Bxg2 16. Ndxf7 Kf8 17. Kxg2 Qc7 18. e4 d6 19. Qf3 dxe5 20. Nxe5+ Bf6 21.
Ng4 Kg8 22. Nxh6+ gxh6 23. Qxf6 Qg7 24. Qf3 Rf8 25. Qa3 Nb4 26. Qb3 Qd4 27. f3
Nd3 28. Rad1 Qxb2+ 29. Qxb2 Nxb2 30. Rd7 Nxc4 31. Rc1 Ne5 32. Rd6 Nxf3 33. Rxe6
Ng5 34. Re5 Rac8 35. h4 Nf7 36. Rexc5 Rxc5 37. Rxc5 Kg7 38. Rc7 Re8 39. Kf3 Kf6
40. Rxa7 Ne5+ 41. Kf4 Nd3+ 42. Kf3 Nc5 43. a4 Rxe4 44. Rc7 Re5 45. Rc6+ Ne6 46.
g4 Ke7 47. Ra6 Kd7 48. a5 Nd4+ 49. Kf4 Re6 50. Ra7+ Kc8 51. g5 hxg5+ 52. hxg5
Nc6 53. Rf7 Nxa5 54. Kf5 Re8 55. g6 Nb7 56. Kg5 Nd8 57. Ra7 Nc6 58. Ra8+ Nb8
59. g7 Kb7 60. Ra1 Nd7 61. Rg1 Kc7 62. Kg6 Ne5+ 63. Kf6 Nd7+ 64. Kf7 Ra8 65.
Ke7 Nc5 66. Rc1 Kc6 67. Kf6 Kd5 68. Rd1+ Kc6 69. Re1 Nd7+ 70. Kf7 Nc5 71. Re8
Ra7+ 72. Re7 Ra8 1/2-1/2

[Event "XXIII Weekend B"]
[Site "Ceriano Laghetto ITA"]
[Date "2014.03.15"]
[Round "3"]
[White "Squillante, Michele"]
[Black "Guidi, Giacomo G."]
[WhiteElo "1709"]
[BlackElo "1999"]
[Result "0-1"]
[PlyCount "110"]
[EventDate "2014.03.14"]

1. d4 f5 2. Nf3 Nf6 3. g3 b6 4. Bg2 Bb7 5. O-O e6 6. c4 c5 7. e3 Qc7 8. b3 Be7
9. Nc3 Ne4 10. Bb2 O-O 11. Qc2 d6 12. Rad1 Nd7 13. d5 Nxc3 14. Bxc3 e5 15. Ne1
Bc8 16. f3 Nf6 17. e4 f4 18. gxf4 exf4 19. Bxf6 Bxf6 20. Nd3 Qe7 21. Nc1 Bd4+
22. Kh1 Rf6 23. Nd3 Be3 24. Nf2 Rh6 25. Ng4 Bxg4 26. fxg4 Rf8 27. Qe2 Rh4 28.
Qf3 Qe5 29. Rd3 Rf6 30. a4 a5 31. h3 Qg5 32. Rc3 Kf8 33. Kh2 Ke7 34. Qe2 Rfh6
35. Qf3 Bd4 36. Rd3 Rxg4 37. Qe2 Rg3 38. Rff3 Be5 39. Rxg3 fxg3+ 40. Kh1 Rf6
41. Rf3 Rxf3 42. Bxf3 Bd4 43. Kg2 Kf6 44. Bg4 Qf4 45. Qf3 Ke5 46. Be6 g6 47.
Bg8 h6 48. Bh7 Qxf3+ 49. Kxf3 g5 50. Kxg3 Be3 51. Kf3 Kd4 52. Ke2 Bf4 53. Kd1
Kc3 54. e5 Bxe5 55. Bc2 Bf4 0-1

[Event "XXIII Weekend B"]
[Site "Ceriano Laghetto ITA"]
[Date "2014.03.16"]
[Round "4"]
[White "Biava, Pierluigi"]
[Black "Prevedello, Daniele"]
[WhiteElo "1667"]
[BlackElo "1803"]
[Result "0-1"]
[PlyCount "92"]
[EventDate "2014.03.14"]

1. f4 d5 2. Nf3 Nf6 3. e3 c5 4. Be2 Nc6 5. O-O Bf5 6. d3 e6 7. h3 h6 8. Nbd2
Bd6 9. Nh2 Qc7 10. Ndf3 g5 11. g4 Bh7 12. Rf2 gxf4 13. exf4 Bxf4 14. Bxf4 Qxf4
15. Qf1 Ke7 16. Re1 Rhg8 17. Nh4 Qg5 18. N2f3 Qg7 19. Nh2 Nd4 20. Bd1 Raf8 21.
c3 Nc6 22. Rg2 Kd8 23. Qf3 Nd7 24. Qg3 Nde5 25. Bc2 f5 26. N2f3 f4 27. Qf2 Bxd3
28. Qxc5 Bxc2 29. Rxc2 Kc7 30. Rxe5 b6 31. Qd4 Nxd4 32. cxd4+ Kd7 33. Rc3 Rc8
34. Ra3 Kd6 35. Kh2 Rc2+ 36. Ng2 Rgc8 37. Nfe1 Rxb2 38. Rf3 Rd2 39. Rxf4 Rxd4
40. Re2 Rcc4 41. Rf3 Re4 42. Ref2 Qe5+ 43. Kg1 Rxe1+ 44. Nxe1 Qxe1+ 45. Kg2 Rc1
46. Kg3 Rc3 0-1

[Event "XXIII Weekend B"]
[Site "Ceriano Laghetto ITA"]
[Date "2014.03.16"]
[Round "4"]
[White "Cervini, Gian Piero"]
[Black "Pinna, Ferdinando"]
[WhiteElo "1803"]
[BlackElo "1952"]
[Result "1-0"]
[PlyCount "125"]
[EventDate "2014.03.14"]

1. e4 e6 2. d4 d5 3. Nc3 Bb4 4. a3 Bxc3+ 5. bxc3 dxe4 6. Qg4 Nf6 7. Qxg7 Rg8 8.
Qh6 Rg6 9. Qe3 c5 10. Ne2 Nc6 11. dxc5 Qa5 12. Nf4 Nd5 13. Nxd5 exd5 14. Bd2
Qa4 15. c4 d4 16. Qb3 Qxb3 17. cxb3 Bf5 18. g3 Ne5 19. O-O-O Bg4 20. Re1 f5 21.
Bf4 Nf3 22. Rd1 Ra6 23. Kb2 d3 24. h3 Bh5 25. g4 Bg6 26. Bg2 Nd4 27. Rhe1 Nc2
28. gxf5 Nxe1 29. Bxe4 O-O-O 30. fxg6 Rf6 31. Bg3 Re8 32. gxh7 Nc2 33. Bxd3 Nd4
34. Kc3 Ne6 35. h8=Q Rxh8 36. Be5 Rhf8 37. Bxf6 Rxf6 38. b4 Rxf2 39. Rf1 Ra2
40. Kb3 Rd2 41. Bf5 Re2 42. Bxe6+ Rxe6 43. Rf3 Re4 44. b5 Rh4 45. Kb4 Kc7 46.
a4 b6 47. Rc3 Rh5 48. cxb6+ axb6 49. a5 Kb7 50. axb6 Kxb6 51. c5+ Kc7 52. Ka5
Rh8 53. Rg3 Rh7 54. Ka6 Rh6+ 55. Ka7 Rh7 56. Rd3 Kc8+ 57. Kb6 Rb7+ 58. Ka6 Rc7
59. c6 Rh7 60. b6 Rh6 61. b7+ Kc7 62. Ka7 Rh8 63. Rb3 1-0

[Event "XXIII Weekend B"]
[Site "Ceriano Laghetto ITA"]
[Date "2014.03.16"]
[Round "4"]
[White "Greco, Umberto"]
[Black "Kupresakovic, Marko"]
[WhiteElo "1703"]
[BlackElo "1939"]
[Result "1/2-1/2"]
[PlyCount "116"]
[EventDate "2014.03.14"]

1. c4 b6 2. Nc3 Bb7 3. Nf3 e6 4. d3 d5 5. cxd5 exd5 6. d4 Nf6 7. Bg5 Be7 8. e3
O-O 9. Bd3 Re8 10. O-O h6 11. Bxf6 Bxf6 12. b4 c5 13. bxc5 bxc5 14. Qb3 Qb6 15.
Nxd5 Qxb3 16. Nxf6+ gxf6 17. axb3 Bxf3 18. gxf3 cxd4 19. Be4 Nd7 20. Bxa8 Rxa8
21. exd4 Nb6 22. Ra5 Rd8 23. Rxa7 Rxd4 24. Rb7 Nd7 25. Rxd7 Rxd7 26. Rb1 Rb7
27. b4 Rb5 28. Kf1 Kf8 29. Ke2 Ke7 30. Kd3 Kd6 31. Kc4 Rf5 32. Rb3 Kc6 33. Re3
Kd6 34. Rd3+ Kc6 35. Re3 h5 36. h3 Rf4+ 37. Kb3 Kb5 38. Rd3 Rxb4+ 39. Kc3 Rh4
40. Kd2 Rxh3 41. Ke2 Kc6 42. Kf1 Rh4 43. Kg2 Rf4 44. Kg3 Rf5 45. Rd4 Re5 46.
Rf4 f5 47. Kh4 Kd6 48. Kxh5 Ke6 49. Kh4 Re1 50. Ra4 Rg1 51. Kh3 Ke5 52. Kh2 Rg7
53. Rb4 f6 54. Ra4 Rg6 55. Rb4 Rg7 56. f4+ Kd5 57. f3 Re7 58. Kg3 Rg7+ 1/2-1/2

[Event "XXIII Weekend B"]
[Site "Ceriano Laghetto ITA"]
[Date "2014.03.16"]
[Round "4"]
[White "Guidi, Giacomo G."]
[Black "Colombo, Luca"]
[WhiteElo "1999"]
[BlackElo "1826"]
[Result "1-0"]
[PlyCount "89"]
[EventDate "2014.03.14"]

1. e4 c5 2. Nc3 Nc6 3. g3 g6 4. d3 d6 5. Bg2 Bg7 6. f4 e6 7. Nf3 Rb8 8. Be3 b5
9. d4 b4 10. Ne2 Nf6 11. e5 dxe5 12. dxe5 Nd5 13. Bxc5 Qa5 14. Bf2 b3+ 15. c3
bxa2 16. Qc2 Ba6 17. O-O Rc8 18. Qd2 Rd8 19. Nfd4 Nxd4 20. Bxd4 Bc4 21. Rfe1
Bf8 22. Nc1 Bc5 23. Kh1 Bxd4 24. Qxd4 Nb6 25. Bc6+ Ke7 26. Qf2 Bd5+ 27. Bxd5
Qxd5+ 28. Kg1 Rd7 29. Rxa2 Rhd8 30. b3 Qc6 31. Ne2 Ke8 32. c4 Rd3 33. Rf1 Rd1
34. Rxa7 Rxf1+ 35. Qxf1 Rd2 36. Ra1 Qc5+ 37. Qf2 Qb4 38. Qe3 Rb2 39. Nd4 Nd7
40. Ra8+ Nb8 41. Nc6 Rb1+ 42. Kg2 Rxb3 43. Qxb3 Qxb3 44. Rxb8+ Qxb8 45. Nxb8
1-0

[Event "XXIII Weekend B"]
[Site "Ceriano Laghetto ITA"]
[Date "2014.03.16"]
[Round "4"]
[White "Monticelli, Francesco"]
[Black "Casartelli, Fabio"]
[WhiteElo "1701"]
[BlackElo "1838"]
[Result "0-1"]
[PlyCount "80"]
[EventDate "2014.03.14"]

1. e4 e5 2. Nf3 Nf6 3. Nc3 Bb4 4. Bc4 d6 5. h3 Bxc3 6. dxc3 O-O 7. Qe2 Nbd7 8.
Bg5 h6 9. Bh4 Nc5 10. O-O-O Qe7 11. g4 Be6 12. g5 Bxc4 13. Qxc4 hxg5 14. Nxg5
Nfxe4 15. Rhg1 Nxg5 16. Rxg5 Qe6 17. Qe2 Qh6 18. Qc4 Ne6 19. Rdg1 Nxg5 20. Bxg5
Qe6 21. Qh4 f6 22. Bh6 Rf7 23. Rg6 Kf8 24. Bxg7+ Ke7 25. Bxf6+ Kd7 26. f4 Raf8
27. fxe5 Qf5 28. Qc4 dxe5 29. Qd5+ Kc8 30. Rg1 Rxf6 31. b3 e4 32. Qc4 Qf4+ 33.
Kb2 e3 34. Qc5 Qf2 35. Rg7 R6f7 36. Rxf7 Rxf7 37. Qxa7 e2 38. Qa8+ Kd7 39. Qa4+
Kd8 40. Qa8+ Ke7 0-1

[Event "XXIII Weekend B"]
[Site "Ceriano Laghetto ITA"]
[Date "2014.03.16"]
[Round "4"]
[White "Origgio, Stefano"]
[Black "Viale, Fabio"]
[WhiteElo "1691"]
[BlackElo "1834"]
[Result "1-0"]
[PlyCount "45"]
[EventDate "2014.03.14"]

1. d4 Nf6 2. c4 e6 3. Nc3 Bb4 4. e3 O-O 5. Bd3 b6 6. Nf3 Bb7 7. O-O c5 8. a3
Bxc3 9. bxc3 d6 10. Re1 Ne4 11. Nd2 Nxd2 12. Bxd2 Nd7 13. e4 e5 14. d5 Qe8 15.
Re3 Bc8 16. Rg3 Kh8 17. Qg4 Rg8 18. Rf1 Nf8 19. Qh5 Ng6 20. f4 Nxf4 21. Bxf4
exf4 22. Rxf4 f6 23. Qxh7+ 1-0

[Event "XXIII Weekend B"]
[Site "Ceriano Laghetto ITA"]
[Date "2014.03.16"]
[Round "4"]
[White "Podetti, Davide"]
[Black "Maffeo, Mauro"]
[WhiteElo "1824"]
[BlackElo "1730"]
[Result "1-0"]
[PlyCount "115"]
[EventDate "2014.03.14"]

1. e4 e6 2. d4 d5 3. Nc3 Nf6 4. e5 Nfd7 5. f4 c5 6. Nf3 cxd4 7. Nxd4 Bc5 8. Be3
a6 9. Qd2 Nc6 10. g3 Bxd4 11. Bxd4 Nxd4 12. Qxd4 b5 13. a4 bxa4 14. Rxa4 O-O
15. Bd3 f6 16. Nxd5 fxe5 17. fxe5 Bb7 18. Qe4 Rf5 19. Ne7+ Qxe7 20. Qxb7 Rxe5+
21. Re4 Rb8 22. Qxb8+ Nxb8 23. Rxe5 Qf6 24. Rc5 Qf8 25. Rc3 Nd7 26. Rf1 Nf6 27.
Rc6 Qb4+ 28. Kd1 Qxb2 29. Rxe6 a5 30. g4 Qb1+ 31. Ke2 Qa2 32. Rc6 Qa4 33. Rc4
Qe8+ 34. Kd2 Qe5 35. Rf5 Qxh2+ 36. Kc3 Qb8 37. g5 Ne8 38. Rcf4 Nd6 39. Rf8+
Qxf8 40. Bxh7+ Kxh7 41. Rxf8 Ne4+ 42. Kd3 Nxg5 43. c4 Ne6 44. Rf1 g5 45. Ke4
Kg6 46. Kd5 Nc7+ 47. Kd6 Na6 48. Ra1 g4 49. Ke5 Kg5 50. Rxa5 Nb4 51. Rb5 Na6
52. Ke4+ Kh4 53. Kf4 Nc7 54. Rb6 Kh5 55. Rc6 Ne8 56. Rc5+ Kh4 57. Rc8 Ng7 58.
Rh8+ 1-0

[Event "XXIII Weekend B"]
[Site "Ceriano Laghetto ITA"]
[Date "2014.03.16"]
[Round "4"]
[White "Regorda, Vittorio"]
[Black "Confalonieri, Luca"]
[WhiteElo "1778"]
[BlackElo "1640"]
[Result "1-0"]
[PlyCount "87"]
[EventDate "2014.03.14"]

1. d4 Nf6 2. c4 g6 3. Nc3 Bg7 4. Nf3 O-O 5. g3 d6 6. Bg2 Nbd7 7. O-O c5 8. d5
Ng4 9. e4 Nge5 10. Nd2 Nb6 11. Qe2 f5 12. f4 Ng4 13. Nf3 fxe4 14. Nxe4 e5 15.
h3 Nh6 16. fxe5 dxe5 17. g4 Nf7 18. Be3 Nd7 19. Nfg5 Bh6 20. Ne6 Bxe3+ 21. Qxe3
Qe7 22. Nxf8 Nxf8 23. Qxc5 Qxc5+ 24. Nxc5 Bd7 25. Ne4 Rc8 26. Rxf7 Kxf7 27.
Nd6+ Ke7 28. Nxc8+ Bxc8 29. c5 Nd7 30. b4 h6 31. Rc1 a6 32. Be4 g5 33. Bf5 Kf6
34. c6 bxc6 35. Rxc6+ Ke7 36. Rxc8 Nb6 37. Rc5 Na4 38. Be4 Kd6 39. Rc6+ Kd7 40.
Rxa6 Nc3 41. Bf5+ Kd8 42. Rxh6 Nxd5 43. Rd6+ Ke7 44. Rxd5 1-0

[Event "XXIII Weekend B"]
[Site "Ceriano Laghetto ITA"]
[Date "2014.03.16"]
[Round "4"]
[White "Ronconi, Fausto"]
[Black "Burani, Eugenio"]
[WhiteElo "1700"]
[BlackElo "1822"]
[Result "1/2-1/2"]
[PlyCount "100"]
[EventDate "2014.03.14"]

1. d4 Nf6 2. c4 c5 3. Nf3 cxd4 4. Nxd4 g6 5. Nc3 Bg7 6. Bf4 d6 7. Ndb5 O-O 8.
c5 e5 9. Bg5 d5 10. Bxf6 Bxf6 11. Qxd5 Qa5 12. Qd6 Nd7 13. c6 bxc6 14. Qxc6 Rb8
15. e3 a6 16. Na7 e4 17. Rc1 Bxc3+ 18. Qxc3 Qxa2 19. Bc4 Qxb2 20. Qxb2 Rxb2 21.
O-O Nb6 22. Nxc8 Rxc8 23. Bxa6 Rcc2 24. Bb7 f5 25. Rxc2 Rxc2 26. f3 exf3 27.
gxf3 Kg7 28. Rf2 Rc3 29. e4 fxe4 30. fxe4 Nc4 31. Bd5 Ne5 32. Ra2 Ng4 33. Be6
Ne5 34. Bd5 h5 35. Ra7+ Kf6 36. Ra6+ Kg5 37. Re6 Kf4 38. Rb6 Ke3 39. Rb2 g5 40.
Kg2 Nd3 41. Rb3 Rc2+ 42. Kg3 Kd4 43. h4 gxh4+ 44. Kxh4 Nf4 45. Bf7 Kxe4 46.
Rb4+ Ke5 47. Rb5+ Kf6 48. Bxh5 Rh2+ 49. Kg3 Rxh5 50. Rxh5 Nxh5+ 1/2-1/2